His Majesties gracious message to both Houses of Parliament sent from Nottingham, August 25 : with the answer of the Lords and Commons to the said message : and His Majesties reply to the same, Spt. 2 : together with the answer and humble petition of both houses to His Majesties last message : and also His Majesties in reply to the said answer, Sept. 11, 1642.

Bibliographic Details
Corporate Authors: England and Wales. Sovereign (1625-1649 : Charles I), England and Wales. Parliament
Other Authors: Charles I, King of England, 1600-1649, Dorset, Edward Sackville, Earl of, 1591-1652
Format: eBook
Language:English
Published: London : Printed by Robert Barker ... and by the assignes of John Bill, 1642.
Series:Early English books online.
Subjects:
Online Access:Connect to the full text of this electronic book
Connect to the full text of this electronic book

MARC

Tag First Indicator Second Indicator Subfields
LEADER 00000nam a2200000Ia 4500
001 in00004268521
005 20200810073400.0
006 m g d
007 cr bn |||a|bb|
008 850712s1642 enk o 00| | eng d
035 |a (OCoLC)12258561 
040 |a EAA  |c EAA  |d m/c  |d UMI  |d WaOLN 
037 |a CL0037000007  |b ProQuest Information and Learning. 300 N. Zeeb Rd., Ann Arbor, MI 48106 
037 |a CL0037000121  |b ProQuest Information and Learning. 300 N. Zeeb Rd., Ann Arbor, MI 48106 
043 |a e-uk-en 
090 |a DA410  |b .E5 1642 
049 |a UMIA 
110 1 |a England and Wales.  |b Sovereign (1625-1649 : Charles I) 
245 1 0 |a His Majesties gracious message to both Houses of Parliament sent from Nottingham, August 25 :  |b with the answer of the Lords and Commons to the said message : and His Majesties reply to the same, Spt. 2 : together with the answer and humble petition of both houses to His Majesties last message : and also His Majesties in reply to the said answer, Sept. 11, 1642. 
260 |a London :  |b Printed by Robert Barker ... and by the assignes of John Bill,  |c 1642. 
300 |a 1 online resource ([2], 14 pages) 
336 |a text  |b txt  |2 rdacontent 
337 |a computer  |b c  |2 rdamedia 
338 |a online resource  |b cr  |2 rdacarrier 
500 |a Also published with title: His Maiesties gracious and last message, sent by the Earle of Dorset. 
500 |a Title within ornamental border. 
500 |a Royal arms on page [2]. 
500 |a Appears on reels 247:E.116 and 2786:2. 
500 |a Reproductions of the originals in the Thomason Collection, British Library, and the Henry E. Huntington Library. 
510 4 |a Wing (2nd. edition)  |c C2334 
533 |a Electronic reproduction.  |b Ann Arbor, Mich. :  |c UMI,  |d 1999-  |f (Early English books online)  |n Digital version of: (Early English books, 1641-1700 ; 247:E116 no 47, 2786:2) 
533 |7 s1999 miun s 
651 0 |a Great Britain  |x History  |y Civil War, 1642-1649  |v Sources. 
700 0 |a Charles  |b I,  |c King of England,  |d 1600-1649. 
700 1 |a Dorset, Edward Sackville,  |c Earl of,  |d 1591-1652. 
710 1 |a England and Wales.  |b Parliament. 
830 0 |a Early English books online. 
856 4 0 |u http://proxy.library.tamu.edu/login?url=https://search.proquest.com/docview/2248556702  |z Connect to the full text of this electronic book  |t 0 
856 4 0 |u http://proxy.library.tamu.edu/login?url=https://search.proquest.com/docview/2264190769  |z Connect to the full text of this electronic book  |t 0 
999 f f |s a1cc0fbf-6d0a-35f4-b5ee-8048902d623d  |i a6f7e6f2-4a51-3ebe-b10d-aac854a72531  |t 0 
952 f f |a Texas A&M University  |b College Station  |c Electronic Resources  |d Available Online  |t 0  |e DA410 .E5 1642  |h Library of Congress classification 
998 f f |a DA410 .E5 1642  |t 0  |l Available Online